000 00531nam a2200205Ia 4500
008 170918s9999 xx 000 0 und d
020 _a9780545422352
050 _bN971 2008
100 _aNumeroff, Laura
245 _aIf you give a cat a cupcake /
245 _cby Laura Numeroff ; illustrated by Felicia Bond.
260 _aNew York :
260 _bScholastic,
260 _c2008
300 _aunpaged :
300 _bcolored illustration ;
300 _c22cm.
440 _aAn if you give…book.
500 _a440
999 _c342596
_d342596